000 01309cam a2200217 4500500
005 20260201124535.0
041 _afre
042 _adc
100 1 0 _aDubreuil, Bertrand
_eauthor
245 0 0 _aL'interaction d'aide ne relève pas de la performance
260 _c2012.
500 _a83
520 _aRésuméLes choix des pouvoirs publics dans la période récente, les modalités injonctives ou/et irréalistes qu’ils adoptent me semblent actuellement suffisamment inquiétants pour justifier un rappel des principes sur lesquels repose l’action sociale. sans tomber dans l’amalgame ou le procès d’intention, l’orientation est trop homogène pour qu’on ne la suppose pas obéir à un dessein d’ensemble qui, malheureusement, n’est ni porteur d’humanité ni favorable à la cohésion sociale. La performance est un terme aujourd’hui suffisamment prégnant dans le discours relatif à l’action sociale pour qu’on rappelle sa dimension fondamentalement politique.
690 _ajustice sociale
690 _amarchandisation
690 _aperformance
690 _atiers secteur
690 _autilité sociale
786 0 _nEmpan | 87 | 3 | 2012-10-01 | p. 39-45 | 1152-3336
856 4 1 _uhttps://shs.cairn.info/revue-empan-2012-3-page-39?lang=fr&redirect-ssocas=7080
999 _c1642142
_d1642142